Механика подземных сооружений: учебник для вузов

Manylion Llyfryddiaeth
Prif Awdur: Булычев Н. С. Николай Спиридонович
Iaith:Rwseg
Cyhoeddwyd: Москва, Недра, 1994
Rhifyn:2-е изд., перераб. и доп.
Cyfres:Высшее образование
Pynciau:
Fformat: Llyfr
KOHA link:https://koha.lib.tpu.ru/cgi-bin/koha/opac-detail.pl?biblionumber=41390

MARC

LEADER 00000nam0a2200000 4500
001 41390
005 20231031013912.0
010 |a 5247019636 
035 |a (RuTPU)RU\TPU\book\42492 
090 |a 41390 
100 |a 20020618d1994 m y0rusy50 ca 
101 0 |a rus 
102 |a RU 
105 |a a j 001zy 
200 1 |a Механика подземных сооружений  |e учебник для вузов  |f Н. С. Булычев 
205 |a 2-е изд., перераб. и доп. 
210 |a Москва  |c Недра  |d 1994 
215 |a 381 с.  |c ил. 
225 1 |a Высшее образование 
320 |a Библиогр.: с. 369-372. 
610 1 |a строительство 
610 1 |a механика 
610 1 |a подземные сооружения 
610 1 |a горные породы 
610 1 |a подземные сооружения 
610 1 |a учебники 
675 |a 624.1(075.8)  |v 3 
700 1 |a Булычев  |b Н. С.  |g Николай Спиридонович 
801 1 |a RU  |b 63413507  |c 20020618  |g PSBO 
801 2 |a RU  |b 63413507  |c 20170906  |g PSBO 
942 |c BK